header

The science of Dune (Record no. 64379)

MARC details
000 -LEADER
fixed length control field 01237nam a22003014a 4500
082 04 - DEWEY DECIMAL CLASSIFICATION NUMBER
Classification number 813/.54
245 04 - TITLE STATEMENT
Title The science of Dune
260 ## - PUBLICATION, DISTRIBUTION, ETC. (IMPRINT)
Place of publication Dallas, TX :
Name of publisher BenBella Books,
Year of publication 2008.
300 ## - PHYSICAL DESCRIPTION
Number of Pages ix, 232 p. :
Other physical details ill.
650 #0 - SUBJECT ADDED ENTRY--TOPICAL TERM
Topical Term Science fiction, American
Topical Term Dune (Imaginary place)
700 1# - ADDED ENTRY--PERSONAL NAME
Personal name Grazier, Kevin Robert,
856 40 - ELECTRONIC LOCATION AND ACCESS
Uniform Resource Identifier http://site.ebrary.com/lib/rucke/Doc?id=10298293

No items available.

© 2026 Rongo University
Contact us: librarian | system librarian | Rongo university